000 00607nam a2200229Ia 4500
003 OSt
005 20221007070907.0
006 a|||||r|||| 00| 0
007 ta
008 221006b |||||||| |||| 00| 0 eng d
024 _a30,041
037 _cTextual
040 _aFLL
_cFLL
_beng
041 _2eng
_aeng
082 _aY:5:Z688, L7
100 _aKiapi Abraham
_9687906
245 0 _aLaw and population in Uganda
260 _aKampala
_bMakerere University Kampala
_c1977
300 _a53p
_ccm.
942 _hY:5:Z688, L7
_cTEXL
_2CC
999 _c1141831
_d1141831